[Event "Joao Pessoa Fischer Memorial 8th"]
[Site "Joao Pessoa"]
[Date "2017.03.18"]
[Round "4"]
[White "Leite, Denis Moreira"]
[Black "Hiramine, Ricardo Hiroshi Fer"]
[Result "1-0"]
[WhiteElo "1784"]
[BlackElo "2001"]
[PlyCount "66"]
[EventDate "2017.03.17"]
[EventType "swiss"]
[EventRounds "6"]
[EventCountry "BRA"]
[SourceTitle "CBM 177 Extra"]
[Source "ChessBase"]
[SourceDate "2017.04.27"]
[SourceVersion "1"]
[SourceVersionDate "2017.04.27"]
[SourceQuality "1"]

1. d4 Nf6 2. c4 e6 3. Nf3 d5 4. g3 dxc4 5. Bg2 a6 6. Ne5 Nd5 7. Nxc4 Bb4+ 8. Bd2 Bxd2+ 9. Qxd2 Nc6 10. 0-0 0-0 11. Nc3 Rb8 12. Rac1 Nxc3 13. bxc3 Ne7 14. Nb2 b6 15. Nd3 Bb7 16. Bxb7 Rxb7 17. e4 c5 18. Ne5 Qc7 19. Rfd1 Rd8 20. Qe2 f6 21. Nf3 b5 22. e5 Rb6 23. dxc5 Rxd1+ 24. Rxd1 Qxc5 25. Rd8+ Kf7 26. exf6 gxf6 27. Qd3 Kg7 28. Qd7 Rc6 29. Qe8 Rc8 30. Qf8+ Kg6 31. Nh4+ Kg5 32. Qg7+ Kh5 33. Qxh7+ Kg4 1-0